| 000 | 00594nam a2200229 a 4500 | ||
|---|---|---|---|
| 999 |
_c5724 _d5724 |
||
| 001 | 5724 | ||
| 003 | BD-JhCC | ||
| 005 | 20180103172057.0 | ||
| 008 | 171220s19611973ii a|||| || | 001 0 eng d | ||
| 035 | _a(BD-JhCC)5724 | ||
| 040 |
_aBD-JhCC _dBD-JhCC |
||
| 041 | _aeng | ||
| 082 |
_a632.954 _bKLI 1973 |
||
| 100 | _aKlingman, Glenn C. | ||
| 245 |
_aWeed Control : As A Science / _cGlenn C. Klingman, |
||
| 260 |
_aNew Delhi : _bWiley Eastern Private Ltd, _c1973. |
||
| 300 |
_a421 p. : _c24 cm. |
||
| 650 |
_aWeeds _xControl |
||
| 650 | _aHerbicides | ||
| 942 |
_2ddc _cBK |
||